00392 2200157 4500245006000000020002200060250001100082100001700093650001700110005001900127260003400146041001400180084000800194300002300202336000900225 aComic 8 b : Casino Kings - Part 1cMoemoe RizalhText a978-602-71265-9-6 aCet. 2 aMoemoe Rizal aNovel Komedi a20230117110803 aJakartabMaleo Creativec2015 aIndonesia a813 axxviii, 145 hlm. : atext